The law of torts : (Record no. 9357)
[ view plain ]
| 000 -LEADER | |
|---|---|
| fixed length control field | 00716nam a22002417a 4500 |
| 001 - CONTROL NUMBER | |
| EWU control number | 9357 |
| 003 - CONTROL NUMBER IDENTIFIER | |
| control field | BD-DhEWU |
| 005 - DATE AND TIME OF LATEST TRANSACTION | |
| control field | 20240324114846.0 |
| 008 - FIXED-LENGTH DATA ELEMENTS--GENERAL INFORMATION | |
| fixed length control field | 240324s2023 ii g b 001 0 eng d |
| 040 ## - CATALOGING SOURCE | |
| Original cataloging agency | BD-DhEWU |
| Language of cataloging | eng |
| Transcribing agency | BD-DhEWU |
| 041 ## - LANGUAGE CODE | |
| Language code of text/sound track or separate title | eng |
| 082 04 - DEWEY DECIMAL CLASSIFICATION NUMBER | |
| Classification number | 346.03 |
| Author mark and Year | PAL 2023 |
| 100 1# - MAIN ENTRY--PERSONAL NAME | |
| Personal name | Pathak, Rabindra Kumar. |
| 9 (RLIN) | 23886 |
| 245 14 - TITLE STATEMENT | |
| Title | The law of torts : |
| Remainder of title | including consumer protection act and motor vehicles act / |
| Statement of responsibility, etc | Rabindra Kumar Pathak. |
| 260 ## - PUBLICATION, DISTRIBUTION, ETC. (IMPRINT) | |
| Place of publication, distribution, etc | Kolkata : |
| Name of publisher, distributor, etc | Kamal Law House, |
| Date of publication, distribution, etc | 2023. |
| 300 ## - PHYSICAL DESCRIPTION | |
| Extent | 432 p. ; |
| Dimensions | 24 cm. |
| 504 ## - BIBLIOGRAPHY, ETC. NOTE | |
| Bibliography, etc | includes bibliographical references and index |
| 526 ## - STUDY PROGRAM INFORMATION NOTE | |
| Program name | Law |
| Requested Dept. (EWU) | Law |
| 650 ## - SUBJECT ADDED ENTRY--TOPICAL TERM | |
| Topical term or geographic name | Tort |
| Form subdivision | Law |
| 9 (RLIN) | 25672 |
| 942 ## - ADDED ENTRY ELEMENTS (KOHA) | |
| Source of classification or shelving scheme | Dewey Decimal Classification |
| Koha item type | Text |
| Lost status | Source of classification or shelving scheme | Not for loan | Collection code | Home library | Current library | Shelving location | Date of accession | Source of acquisition | Cost, normal purchase price | Total Checkouts | Full call number | Barcode | Date last seen | Copy number | Price effective from | Koha item type | Total Renewals | Date checked out |
|---|---|---|---|---|---|---|---|---|---|---|---|---|---|---|---|---|---|---|
| Dewey Decimal Classification | Not For Loan | Non-fiction | Dr. S. R. Lasker Library, EWU | Dr. S. R. Lasker Library, EWU | Reserve Section | 28/01/2024 | Rissam Enterprise | 1045.00 | 346.03 PAL 2023 | 31457 | 24/03/2024 | C-1 | 24/03/2024 | Text | ||||
| Dewey Decimal Classification | Non-fiction | Dr. S. R. Lasker Library, EWU | Dr. S. R. Lasker Library, EWU | Circulation Section | 28/01/2024 | Rissam Enterprise | 1045.00 | 1 | 346.03 PAL 2023 | 31458 | 25/11/2025 | C-2 | 24/03/2024 | Text | 1 | 01/07/2024 |